[Event "Vallfogona rapid op 27th"]
[Site "Vallfogona de Balaguer"]
[Date "2019.09.22"]
[Round "8"]
[White "Martinez Lopez, Ivan"]
[Black "Cuartas, Jaime Alexander"]
[Result "1/2-1/2"]
[WhiteElo "2194"]
[BlackElo "2523"]
[PlyCount "155"]
[EventDate "2019.09.22"]
[EventType "swiss (rapid)"]
[EventRounds "9"]
[EventCountry "ESP"]
[SourceTitle "EXT 2020"]
[Source "ChessBase"]
[SourceDate "2019.10.17"]
[SourceVersion "1"]
[SourceVersionDate "2019.10.17"]
[SourceQuality "1"]

1. Nf3 d5 2. c4 c6 3. g3 Nf6 4. Bg2 Bg4 5. Qb3 Qb6 6. Qc2 e6 7. 0-0 Nbd7 8. b3 Bc5 9. Bb2 0-0 10. Nc3 Qd8 11. d4 Bd6 12. e4 dxe4 13. Nxe4 Nxe4 14. Qxe4 Nf6 15. Qe3 Bxf3 16. Bxf3 Re8 17. Rfe1 a5 18. a3 Bf8 19. Rad1 Qb6 20. Rd2 h6 21. Bd1 Rad8 22. Bc2 c5 23. Red1 a4 24. b4 cxb4 25. Bxa4 bxa3 26. Bxe8 axb2 27. Bb5 Ng4 28. Qf4 h5 29. Rxb2 e5 30. Qf3 Rxd4 31. Rxd4 exd4 32. h3 Nf6 33. Re2 g6 34. Kg2 Kg7 35. Be8 Qd8 36. Bb5 b6 37. Bc6 Bb4 38. Bd5 Qd6 39. g4 hxg4 40. hxg4 d3 41. Qxd3 Nxg4 42. Qd4+ Nf6 43. Qe5 Qd7 44. Re3 Bd6 45. Qc3 Qg4+ 46. Kf1 Bc5 47. Rf3 Bd4 48. Qd3 Be5 49. Qe3 Qd4 50. Qxd4 Bxd4 51. Ra3 Ne8 52. Ke2 Bc5 53. Ra8 Nd6 54. f4 b5 55. cxb5 Nxb5 56. Kd3 Nd6 57. Ra5 Bb4 58. Ra4 Bc5 59. Ke2 Nf5 60. Rc4 Bd6 61. Kf3 Ne7 62. Be4 f5 63. Bc2 Kf6 64. Bb3 g5 65. fxg5+ Kxg5 66. Rd4 Be5 67. Rd7 Ng6 68. Rd5 Kf6 69. Bc2 Nh4+ 70. Kf2 f4 71. Be4 Ke6 72. Rd1 Kf6 73. Rh1 Bd4+ 74. Ke2 Kg5 75. Rxh4 Kxh4 76. Kf3 Kg5 77. Bd5 Be3 78. Be4 1/2-1/2

[Event "Andorra op 36th"]
[Site "Escaldes"]
[Date "2018.07.27"]
[Round "7"]
[White "Martinez Lopez, Ivan"]
[Black "Blom, Vincent"]
[Result "1/2-1/2"]
[WhiteElo "2195"]
[BlackElo "2269"]
[PlyCount "78"]
[EventDate "2018.07.21"]
[EventType "swiss"]
[EventRounds "9"]
[EventCountry "AND"]
[SourceTitle "CBM 185 Extra"]
[Source "ChessBase"]
[SourceDate "2018.07.29"]
[SourceVersion "1"]
[SourceVersionDate "2018.07.29"]
[SourceQuality "1"]

1. Nf3 d5 2. c4 e6 3. g3 Nf6 4. Bg2 Be7 5. 0-0 0-0 6. d4 c6 7. Bg5 dxc4 8. a4 h6 9. Bxf6 Bxf6 10. Qc2 Nd7 11. Rd1 Qe7 12. Na3 e5 13. dxe5 Nxe5 14. Nxe5 Qxe5 15. Nxc4 Qc5 16. Rdc1 Re8 17. Rab1 Qb4 18. e4 Be6 19. e5 Be7 20. b3 Red8 21. Rd1 Rac8 22. Rxd8+ Rxd8 23. Bf3 g6 24. Be4 Kg7 25. Rc1 Qc5 26. Bf3 b5 27. axb5 cxb5 28. Na5 Qxc2 29. Rxc2 Rd3 30. Be2 Rd5 31. Nc6 Rc5 32. Rxc5 Bxc5 33. b4 Bd5 34. Bxb5 Bxc6 35. Bxc6 Bxb4 36. Bd5 g5 37. Kg2 a5 38. Bb3 Bd2 39. h3 Bc1 1/2-1/2

[Event "Andorra op 36th"]
[Site "Escaldes"]
[Date "2018.07.26"]
[Round "6"]
[White "Repka, Christopher"]
[Black "Martinez Lopez, Ivan"]
[Result "1-0"]
[WhiteElo "2519"]
[BlackElo "2195"]
[PlyCount "43"]
[EventDate "2018.07.21"]
[EventType "swiss"]
[EventRounds "9"]
[EventCountry "AND"]
[SourceTitle "CBM 185 Extra"]
[Source "ChessBase"]
[SourceDate "2018.07.29"]
[SourceVersion "1"]
[SourceVersionDate "2018.07.29"]
[SourceQuality "1"]

1. e4 e5 2. Nf3 Nc6 3. Bc4 Nf6 4. d3 Be7 5. a4 0-0 6. h3 d6 7. c3 h6 8. b4 a6 9. Qb3 Nh7 10. Be3 Ng5 11. Nbd2 Bd7 12. 0-0 Nxf3+ 13. Nxf3 Bg5 14. Nxg5 hxg5 15. Qd1 g4 16. hxg4 Qh4 17. f3 Kh8 18. Qd2 f6 19. Rf2 g5 20. g3 Qxg3+ 21. Rg2 Qxf3 22. Rf1 1-0

[Event "Andorra op 36th"]
[Site "Escaldes"]
[Date "2018.07.22"]
[Round "2"]
[White "Smith, Axel"]
[Black "Martinez Lopez, Ivan"]
[Result "1-0"]
[WhiteElo "2491"]
[BlackElo "2195"]
[PlyCount "69"]
[EventDate "2018.07.21"]
[EventType "swiss"]
[EventRounds "9"]
[EventCountry "AND"]
[SourceTitle "CBM 185 Extra"]
[Source "ChessBase"]
[SourceDate "2018.07.29"]
[SourceVersion "1"]
[SourceVersionDate "2018.07.29"]
[SourceQuality "1"]

1. c4 Nf6 2. Nf3 e6 3. e3 c5 4. d4 cxd4 5. exd4 d5 6. Nc3 Be7 7. cxd5 exd5 8. Bd3 0-0 9. Ne5 Nc6 10. 0-0 Be6 11. Bf4 Rc8 12. Rc1 a6 13. Bb1 Re8 14. h3 Qb6 15. Qd2 Bb4 16. Be3 Na7 17. a3 Bxc3 18. bxc3 Qa5 19. f4 Bd7 20. g4 Bb5 21. g5 Nd7 22. Rf3 Qxa3 23. f5 Nxe5 24. dxe5 Nc6 25. e6 fxe6 26. f6 Ne5 27. f7+ Nxf7 28. Bxh7+ Kxh7 29. g6+ Kh8 30. gxf7 Rf8 31. Rf4 Rc4 32. Qd1 g6 33. Qd4+ Rxd4 34. Bxd4+ e5 35. Bxe5+ 1-0

[Event "Catalunya-chT Gp1"]
[Site "Barcelona"]
[Date "2018.02.24"]
[Round "6.5"]
[White "Triadu Cassa, Jordi"]
[Black "Martinez Lopez, Ivan"]
[Result "1-0"]
[WhiteElo "2110"]
[BlackElo "2183"]
[PlyCount "155"]
[EventDate "2018.01.20"]
[EventType "team-tourn"]
[EventRounds "7"]
[EventCountry "ESP"]
[SourceTitle "EXT 2019"]
[Source "ChessBase"]
[SourceDate "2018.10.10"]
[SourceVersion "1"]
[SourceVersionDate "2018.10.10"]
[SourceQuality "1"]
[WhiteTeam "Olot"]
[BlackTeam "Lleida"]
[WhiteTeamCountry "ESP"]
[BlackTeamCountry "ESP"]

1. e4 d5 2. exd5 Qxd5 3. Nc3 Qd6 4. d4 Nf6 5. Nf3 c6 6. Ne5 Nbd7 7. Nc4 Qc7 8. Qf3 Nb6 9. Bf4 Qd8 10. Be5 Be6 11. Ne3 Nfd5 12. Nexd5 Nxd5 13. Bd3 f6 14. Bg3 Bf7 15. 0-0 e6 16. Nxd5 exd5 17. Rfe1+ Be7 18. Qe3 Kf8 19. Re2 Bd6 20. Rae1 Qc7 21. Bxd6+ Qxd6 22. Qh3 Re8 23. Rxe8+ Bxe8 24. Qc8 Qd7 25. Qb8 g6 26. Qxa7 Rg8 27. Qc5+ Kf7 28. a4 Rf8 29. a5 Qd8 30. b4 Bd7 31. Qa7 Qb8 32. Qb6 Rd8 33. h3 Qc8 34. a6 bxa6 35. Bxa6 Qb8 36. Qc5 Re8 37. Rxe8 Qxe8 38. Qc3 Qe4 39. Bf1 h5 40. Qd2 Bf5 41. c4 dxc4 42. Bxc4+ Kg7 43. Ba2 h4 44. d5 cxd5 45. Bxd5 Qb1+ 46. Kh2 Be4 47. Bxe4 Qxe4 48. Qd7+ Kh6 49. Qd6 Qc4 50. Qf8+ Kh7 51. Qc5 Qf4+ 52. Kg1 g5 53. b5 Qe4 54. b6 Kg6 55. Qc7 g4 56. hxg4 Qe1+ 57. Kh2 h3 58. Kxh3 Qxf2 59. b7 Qe3+ 60. Kh2 Qh6+ 61. Kg1 Qe3+ 62. Kf1 Qd3+ 63. Ke1 Qe4+ 64. Kd1 Qd4+ 65. Kc1 Qa1+ 66. Kd2 Qd4+ 67. Kc2 Qa4+ 68. Kd3 Qd1+ 69. Ke3 Qe1+ 70. Kd4 Qd2+ 71. Kc5 Qe3+ 72. Kc6 Qe4+ 73. Kb6 Qb4+ 74. Ka6 Qa3+ 75. Qa5 Qd3+ 76. Ka7 Qd4+ 77. Ka8 Qe4 78. Qf5+ 1-0

[Event "Catalunya-chT Gp1"]
[Site "Barcelona"]
[Date "2018.02.03"]
[Round "3.4"]
[White "Diaz Camallonga, Carles"]
[Black "Martinez Lopez, Ivan"]
[Result "1/2-1/2"]
[WhiteElo "2463"]
[BlackElo "2183"]
[PlyCount "150"]
[EventDate "2018.01.20"]
[EventType "team-tourn"]
[EventRounds "7"]
[EventCountry "ESP"]
[SourceTitle "CBM 182 Extra"]
[Source "ChessBase"]
[SourceDate "2018.02.23"]
[SourceVersion "1"]
[SourceVersionDate "2018.02.23"]
[SourceQuality "1"]
[WhiteTeam "Colon Sabadell"]
[BlackTeam "Lleida"]
[WhiteTeamCountry "ESP"]
[BlackTeamCountry "ESP"]

1. e4 e5 2. Nf3 Nc6 3. Bb5 Nf6 4. d3 d6 5. 0-0 Be7 6. c3 0-0 7. Re1 Bd7 8. h3 h6 9. d4 Nxd4 10. Nxd4 exd4 11. Bxd7 Nxd7 12. cxd4 c6 13. Nc3 Re8 14. Bf4 Nf8 15. Qg4 Qc8 16. Qg3 Qe6 17. d5 Qg6 18. Rad1 Qxg3 19. Bxg3 c5 20. Nb5 Red8 21. a4 Ng6 22. f4 a6 23. Nc3 b5 24. e5 bxa4 25. Nxa4 Rab8 26. Re4 Rb3 27. Be1 f5 28. exf6 Bxf6 29. Bc3 Bxc3 30. bxc3 Kf7 31. Rde1 Rd7 32. R1e3 Re7 33. f5 Ne5 34. Nxc5 dxc5 35. d6 Rd7 36. Rxe5 Rxd6 37. Rxc5 Rb5 38. Rc7+ Kf6 39. Ree7 Kxf5 40. Rxg7 Rbb6 41. Rc5+ Ke4 42. Rg3 Rbc6 43. Rh5 Rg6 44. Rh4+ Kd5 45. Re3 Rc4 46. Rh5+ Kc6 47. Rhe5 Kb6 48. Re6+ Rc6 49. R6e4 a5 50. c4 Rc5 51. Rb3+ Kc6 52. Kh2 a4 53. Ra3 Ra5 54. c5 Kb5 55. Ra1 Rga6 56. Rc1 Kc6 57. Re6+ Kd5 58. Re8 Rc6 59. Rd8+ Ke6 60. Re1+ Kf7 61. Rd7+ Kf6 62. Rd6+ Rxd6 63. cxd6 Rd5 64. Re4 a3 65. Ra4 Rxd6 66. Rxa3 Kg6 67. Kg3 Rb6 68. Kh4 Rb4+ 69. g4 Rb6 70. Ra5 Rc6 71. Re5 Rb6 72. Rf5 Ra6 73. Kg3 Ra3+ 74. Kh4 Ra6 75. Re5 Rb6 1/2-1/2

[Event "Catalunya-chT Gp1"]
[Site "Barcelona"]
[Date "2018.01.27"]
[Round "2.4"]
[White "Martinez Lopez, Ivan"]
[Black "Boix Moreno, Daniel"]
[Result "1/2-1/2"]
[WhiteElo "2183"]
[BlackElo "2237"]
[PlyCount "29"]
[EventDate "2018.01.20"]
[EventType "team-tourn"]
[EventRounds "7"]
[EventCountry "ESP"]
[SourceTitle "CBM 182 Extra"]
[Source "ChessBase"]
[SourceDate "2018.02.23"]
[SourceVersion "1"]
[SourceVersionDate "2018.02.23"]
[SourceQuality "1"]
[WhiteTeam "Lleida"]
[BlackTeam "Tres Peons"]
[WhiteTeamCountry "ESP"]
[BlackTeamCountry "ESP"]

1. Nf3 c5 2. g3 g6 3. Bg2 Bg7 4. 0-0 Nc6 5. c4 d6 6. Nc3 e6 7. b3 Nge7 8. Bb2 0-0 9. e3 e5 10. Ne1 f5 11. Nd5 Be6 12. Nc2 Bxd5 13. cxd5 Nb4 14. Nxb4 cxb4 15. d3 1/2-1/2

[Event "Catalunya-chT Gp1"]
[Site "Barcelona"]
[Date "2017.01.28"]
[Round "2.6"]
[White "Ni, Viktorija"]
[Black "Martinez Lopez, Ivan"]
[Result "1/2-1/2"]
[WhiteElo "2199"]
[BlackElo "2243"]
[PlyCount "127"]
[EventDate "2017.01.21"]
[EventType "team-tourn"]
[EventRounds "7"]
[EventCountry "ESP"]
[SourceTitle "CBM 176 Extra"]
[Source "ChessBase"]
[SourceDate "2017.03.02"]
[SourceVersion "1"]
[SourceVersionDate "2017.03.02"]
[SourceQuality "1"]
[WhiteTeam "Peona I Peo"]
[BlackTeam "Lleida"]
[WhiteTeamCountry "ESP"]
[BlackTeamCountry "ESP"]

1. Nf3 Nf6 2. c4 g6 3. g3 Bg7 4. Bg2 0-0 5. d4 d6 6. 0-0 c6 7. Nc3 Qa5 8. h3 e5 9. e4 Nbd7 10. Re1 Re8 11. Bf1 exd4 12. Nxd4 Nc5 13. Bd2 Qb6 14. Qc2 Ncxe4 15. Nxe4 Rxe4 16. Rxe4 Nxe4 17. Qxe4 Bxd4 18. Qe8+ Kg7 19. Bc3 Bxc3 20. bxc3 Qc7 21. Re1 Qd7 22. Qe4 Qf5 23. Qd4+ Qf6 24. Re8 Qxd4 25. cxd4 b6 26. Rd8 d5 27. Bg2 Bb7 28. Rd7 Rb8 29. cxd5 cxd5 30. a4 a6 31. Rd6 Ba8 32. Bf1 b5 33. Rxa6 b4 34. a5 b3 35. Rb6 Rxb6 36. axb6 Bb7 37. f4 h5 38. Kf2 b2 39. Bd3 Bc8 40. Bb1 Kf6 41. Ke3 Ke7 42. f5 gxf5 43. Kd2 Kd6 44. Kc3 f4 45. b7 Bxb7 46. gxf4 h4 47. Kxb2 Bc8 48. f5 Ke7 49. Kc3 Kf6 50. Kd2 Bxf5 51. Bxf5 Kxf5 52. Ke3 Kg5 53. Kf3 f5 54. Ke3 Kg6 55. Kf3 Kg5 56. Ke3 f4+ 57. Kf2 Kg6 58. Ke2 Kf6 59. Kf2 Ke6 60. Ke2 Kf6 61. Kf2 Ke6 62. Ke2 Kf6 63. Kf2 Kg6 64. Ke2 1/2-1/2

[Event "Catalunya-chT Gp1"]
[Site "Barcelona"]
[Date "2017.01.21"]
[Round "1.6"]
[White "Martinez Lopez, Ivan"]
[Black "Banos, Oscar Francisco"]
[Result "0-1"]
[WhiteElo "2243"]
[BlackElo "2188"]
[PlyCount "71"]
[EventDate "2017.01.21"]
[EventType "team-tourn"]
[EventRounds "7"]
[EventCountry "ESP"]
[SourceTitle "CBM 176 Extra"]
[Source "ChessBase"]
[SourceDate "2017.03.02"]
[SourceVersion "1"]
[SourceVersionDate "2017.03.02"]
[SourceQuality "1"]
[WhiteTeam "Lleida"]
[BlackTeam "Figueres"]
[WhiteTeamCountry "ESP"]
[BlackTeamCountry "ESP"]

1. c4 b6 2. Nc3 e6 3. e4 Bb7 4. Nge2 Nf6 5. d3 d5 6. f3 dxe4 7. dxe4 Qxd1+ 8. Kxd1 Nc6 9. a3 Na5 10. Ng3 Nb3 11. Rb1 0-0-0+ 12. Ke1 Nxc1 13. Rxc1 h5 14. Be2 h4 15. Nf1 Bd6 16. Rc2 a5 17. Nd2 Kb8 18. Nb3 Nh5 19. Kf2 Nf4 20. h3 Be5 21. Rb1 Ba6 22. Bf1 Nd3+ 23. Bxd3 Rxd3 24. c5 Rhd8 25. cxb6 cxb6 26. Rbc1 a4 27. Na1 Bf4 28. Rb1 Rd2+ 29. Kg1 R2d4 30. Re1 Bd2 31. Rb1 Be3+ 32. Kh1 Bd3 33. Re1 Bf4 34. Rce2 Bxe2 35. Rxe2 Bg3 36. Nc2 0-1

[Event "Catalunya-chT Gp2"]
[Site "Barcelona"]
[Date "2016.02.27"]
[Round "6.2"]
[White "Hernando Rodrigo, Jose Maria"]
[Black "Martinez Lopez, Ivan"]
[Result "1-0"]
[WhiteElo "2331"]
[BlackElo "2222"]
[PlyCount "99"]
[EventDate "2016.01.23"]
[EventType "team-tourn"]
[EventRounds "7"]
[EventCountry "ESP"]
[SourceTitle "EXT 2017"]
[Source "ChessBase"]
[SourceDate "2016.10.25"]
[SourceVersion "1"]
[SourceVersionDate "2016.10.25"]
[SourceQuality "1"]
[WhiteTeam "Colon Sabadell"]
[BlackTeam "Lleida"]
[WhiteTeamCountry "ESP"]
[BlackTeamCountry "ESP"]

1. d4 Nf6 2. Nf3 g6 3. c4 Bg7 4. Nc3 0-0 5. Bg5 h6 6. Bh4 d6 7. e3 g5 8. Bg3 Nh5 9. Qc2 f5 10. Be2 e5 11. dxe5 Nxg3 12. hxg3 dxe5 13. Rd1 Qe7 14. Nd5 Qf7 15. Nxg5 hxg5 16. Bh5 Qd7 17. c5 Nc6 18. Nf4 Qxd1+ 19. Qxd1 exf4 20. Qd5+ Kh7 21. Be8+ Bh6 22. Bxc6 Rf6 23. Bxb7 Be6 24. Qe5 Raf8 25. Qxc7+ R8f7 26. Qe5 fxe3 27. fxe3 Bxa2 28. Bd5 Bxd5 29. Qxd5 Re7 30. 0-0 g4 31. Rxf5 Bxe3+ 32. Kf1 Kg6 33. Rxf6+ Kxf6 34. b4 Kg6 35. Qg8+ Kf5 36. Qf8+ Ke6 37. Ke2 Bg5 38. Kd3 Bf6 39. Qc8+ Rd7+ 40. Kc4 Ke7 41. Kb5 Bc3 42. Kc6 Rd4 43. b5 Ra4 44. Qd7+ Kf6 45. Qd1 Rd4 46. Qc1 Bb4 47. Qb2 Ke5 48. b6 axb6 49. cxb6 Be1 50. b7 1-0

[Event "Lleida Regional-ch"]
[Site "Lleida"]
[Date "2015.10.25"]
[Round "4"]
[White "Llavall Sans, Daniel"]
[Black "Martinez Lopez, Ivan"]
[Result "1/2-1/2"]
[WhiteElo "2259"]
[BlackElo "2292"]
[PlyCount "50"]
[EventDate "2015.09.27"]
[EventType "swiss"]
[EventRounds "9"]
[EventCountry "ESP"]
[SourceTitle "EXT 2017"]
[Source "ChessBase"]
[SourceDate "2016.10.25"]
[SourceVersion "1"]
[SourceVersionDate "2016.10.25"]
[SourceQuality "1"]

1. e4 e5 2. Nf3 Nc6 3. Bb5 Nf6 4. d3 d6 5. c3 Be7 6. 0-0 0-0 7. Re1 h6 8. h3 Nh7 9. d4 Bf6 10. Bxc6 bxc6 11. dxe5 dxe5 12. Qe2 Be6 13. Be3 Ng5 14. Nbd2 Qb8 15. Bxg5 hxg5 16. Nc4 Bxc4 17. Qxc4 Qb6 18. b3 Rfd8 19. Rad1 a5 20. a4 Rd6 21. Rd2 Rb8 22. Rb1 c5 23. Rd5 Rxd5 24. Qxd5 Rd8 25. Qc4 Rd7 1/2-1/2